Изкуството икебана (Запис номер 136886)
[ съкратено ]
| 000 -Лидер | |
|---|---|
| Контролно поле с фиксирана дължина | 01537nam a2200349 c 4500 |
| 003 - Код на организацията, давaща контролен номер | |
| Контролно поле | BLK |
| 005 - Дата и час на последна редакция | |
| Контролно поле | 20230118155846.0 |
| 008 - Елементи от данни с фиксирана дължина | |
| fixed length control field | 180409b bul|||||r ||||||| ||bul|| |
| 010 ## - Наследен системен номер | |
| LC control number | KNG00142843000 |
| 040 ## - Източник на каталожния запис | |
| Идентификатор на билиотеката - собственик на записа | BLK |
| 041 ## - Код за език | |
| Код за езика на текст/звукозапис или на отделно заглавие | Български |
| Код за езика КДБФ | Български |
| 080 ## - УДК | |
| Текстов определител УДК | Подреждане и аранжиране на цветя - Изработване на букети, гирлянди, венци, аранжиране в вази и др. съдове, икебана и др. на сушени растения, семена |
| УДК код - определител по УДК | 745.9 |
| УДК определител | (035) |
| УДК - код + определител | 745.9(035) |
| 100 1# - Редна дума - Автор | |
| Автор | Мирска, Рима Иванова |
| Авторска отговорност | първи автор |
| R(LIN) | 314018 |
| 139 ## - Редно поле | |
| Редна дума | Мирска, Рима Иванова |
| Авторски знак | Мир - М 68 |
| 245 10 - Сведения за заглавието | |
| Заглавие | Изкуството икебана |
| Подзаглавни данни | Ръководство |
| Редно поле (дума) | Рима Иванова Мирска. |
| 250 ## - Област на изданието | |
| Сведения за изданието | 2. прераб. изд. |
| 257 ## - Страна на издаване | |
| Страна на създаване/издаване | България |
| 260 ## - Област на издателските данни | |
| -- | София |
| Име на издателя, разпространителя и проч. | Бълг. художник |
| Година на издаване | 1988 |
| 300 ## - Физическа характеристика | |
| Страници | 96 с. |
| Илюстрации и др. | с ил. |
| Размери/Мащаб | 20 см |
| 380 ## - Жанр | |
| Жанр | Изкуство |
| 490 1# - СЕРИИ (Колекции) | |
| Име на серия | Научнопопулярна серия Изкуството и ние |
| 500 ## - Общи забележки | |
| Забележка | 1. изд. 1986. - 90 000 тир. |
| 650 #4 - Допълнително описание по предмет – тема | |
| Основно описание – тема или топоним | Цветя - аранжиране и символика |
| 9 (RLIN) | 250675 |
| 653 ## - Ключова дума – ненормативна | |
| Ключова дума | икебана |
| 653 ## - Ключова дума – ненормативна | |
| Ключова дума | букети |
| 653 ## - Ключова дума – ненормативна | |
| Ключова дума | цветя |
| 852 ## - Местоположение | |
| Форматна сигнатура | Цб 155871 |
| 856 4# - Електронен адрес и достъп | |
| Електронен формат | pdf - файл |
| Път до файла /url/ | |
| 856 4# - Електронен адрес и достъп | |
| Електронен формат | pdf - файл |
| Път до файла /url/ | |
| 942 ## - АРТИКУЛИ | |
| Вид на библиотечния материал | Книги |
| Скрит в OPAC | Не |
| Koha issues (borrowed), all copies | 1 |
| 944 ## - СЪЗДАВАНЕ И РЕДАКЦИЯ на ЗАПИСА | |
| Създаване/Редакция | Създаване |
| Дата на регистрацията/редакция | 18.05.2013 |
| Статус, дата на статуса | 18.05.2013 - от С1,Р / 18.05.2013 |
| Служител, извършил регистрацията/редакцията | Камелия_Данева |
| 944 ## - СЪЗДАВАНЕ И РЕДАКЦИЯ на ЗАПИСА | |
| Създаване/Редакция | Редакция |
| Дата на регистрацията/редакция | 27.07.2015 |
| Статус, дата на статуса | 18.05.2013 - от С1,Р / 18.05.2013 |
| Служител, извършил регистрацията/редакцията | Ирена_Линкова |
| 999 ## - СИСТЕМНИ КОНТРОЛНИ НОМЕРА | |
| Koha biblionumber | 136886 |
| Koha biblioitemnumber | 136886 |
| Код за отписване | Код за изгубен артикул | Източник на класификационната схема | Код за повреда | Коз за рестрикции | Код за отдаване | Артикулен № | Име на библиотеката - собственик | Име на библиотеката, в която се намира в момента | Статус (Текущо местоположение) | Дата на вписване в системата | Местоположение - отдел | Цена в лева | Инвентарен номер | Систематично азбучна сигнатура | Баркод | Номер на екземпляра | Цена в евро | Служебна бележка | Служебен тип на артикула |
|---|---|---|---|---|---|---|---|---|---|---|---|---|---|---|---|---|---|---|---|
| Не е изгубен | Universal Decimal Classification | Не е повреден | само за читалня | ползва се в читалня | 223898 | Регионална библиотека "Любен Каравелов" Русе | Регионална библиотека "Любен Каравелов" Русе | Хранилище | 1988-01-01 | Хранилище | 1.98 | 510223 | Цб 155871 | 120000510223 | 1 | 1.01 | Дост: Dp Вид: Д N: стар фонд Дата: 01.01.1988 | Книги | |
| Не е изгубен | Universal Decimal Classification | Не е повреден | без рестрикции | заемане за дома | 223899 | Регионална библиотека "Любен Каравелов" Русе | Регионална библиотека "Любен Каравелов" Русе | Отдел Изкуство - подръчен фонд | 1988-01-01 | Отдел Изкуство - подръчен фонд | 0.00 | 629598 | 745/749/М 68 | 120000629598 | 2 | 0.00 | Дост: Pk Вид: Ф N: стар фонд Дата: 01.01.1988 Дата инв: 12.02.2015 Бележки инв: ИП2015 | Книги |